MARC

LEADER 00000nam a2200000 a 4500
005 20120221101141.0
007 cr|||| ||||
008 040225s2003 sp |||||| |00| ||spa||
017 |a DL M. 48050-2003 
020 |a 8425912490 
035 |a 6093 
040 |d vLex 
090 |c 3007  |d 3007 
100 1 |a Orduą Rebollo, Enrique 
245 1 0 |a Municipios y provincias  |h [Recurso electrn̤ico] :  |b historia de la Organizacin̤ Territorial Espaǫla /  |c Enrique Orduą Rebollo ; presentacin̤, Rita Barber ̀Nolla ; prl̤ogo, Luciano Parejo Alfonso 
256 |a Servicio en ln̕ea 
260 |a Madrid :  |b Federacin̤ Espaǫla de Municipios y Provincias :  |b Instituto Nacional de Administracin̤ Pb︢lica :  |b Centro de Estudios Polt̕icos y Constitucionales,  |c 2003 
300 |a 1 recurso electrn̤ico 
500 |a Obra que revisa el rǧimen local espaǫl desde el municipio romano hasta las reformas en curso a principio del siglo XXI, y que hace su aparicin̤ coincidiendo con el XXV aniversario de la Constitucin̤ Espaǫla de 1978, en cuya conmemoracin̤ se enmarca. Colabora la FEMP y el Centro de Estudios Constitucionales. Se hace, en la obra, una amplia referencia al Pacto Local, de novs̕ima actualidad, as ̕como una completa revisin̤ histr̤ica desde los org̕enes del municipio romano hasta el proyecto de la Ley de Medidas para la Modernizacin̤ del Gobierno Local.  
506 1 |a Contenido solo disponible en los productos indicados  |d vLex Global   |d vLex Global (Academic Edition, excluding Law Schools)   |d vLex Global (U.S. Academic Edition, Law Schools)   |d vLex Global (U.S. Academic Edition, excluding Law Schools)   |d vLex Global (Academic Edition, Law Schools)  
650 0 4 |a Municipios  |x Gobierno y administracin̤  |z Espaą  |x Historia 
650 0 4 |a Administracin̤ local  |z Espaą  |x Historia 
651 4 |a Espaą  |x Divisiones administrativas y polt̕icas   |x Historia 
700 1 |a Barber ̉i Nolla, Rita,  |d 1948-  
700 1 |a Parejo Alfonso, Luciano 
710 2 |a Federacin̤ Espaǫla de Municipios y Provincias 
710 2 |a Instituto Nacional de Administracin̤ Pb︢lica (Espaą) 
710 2 |a Centro de Estudios Polt̕icos y Constitucionales (Espaą) 
740 0 |a vLex Libros (Servicio en ln̕ea) 
856 4 0 |u http://vlex.com/source/municipios-provincias-historia-organizacion-territorial-espa-ola-6093  |z Acceso restringido 
942 |c BOOK 
999 0 |a  Municipal corporations 
999 0 |a Local government 
999 0 |a  Administrative law